Sten Karling and Estonian history of art
| Titel: | Sten Karling and Estonian history of art |
|---|---|
| Verfasser: | |
| In: |
Sten Karling and Baltic art history, (1999), Seite 18-21 alle Artikel anzeigen |
| Veröffentlicht: | 1999 |
| Format: | Aufsatz |
| Sprache: | Englisch |
X
alg: 39295796 001A $01999:11-11-16 001B $01999:22-05-21 $t21:51:52.000 001D $01999:11-11-16 001U $0utf8 001X $00 002@ $0Aox 003@ $0392957965 007A $0392957965 $aHEB 007T $0Herde08156 010@ $aeng 011@ $a1999 021A $aSten Karling and Estonian history of art 028A $aKangilaski $dJaak 031A $h18-21 $j1999 039B $aIn $8--Aaxaf--. Sten Karling and Baltic art history. - [Tallinn] : Eesti Kunstiakad., 1999. - 255 S.. - Ill.. - ISBN 9985-50-242-6 $x199900000000000982 $9097703885 045F $a929.094798 $eDDC23BSB 045F/01 $a929 045F/03 $g4798 lok: 39295796 78 exp: 39295796 78 1 #EPN 201B/01 $024-02-23 $t22:35:47.000 201U/01 $0utf8 203@/01 $0789068265 208@/01 $a11-11-16 $be 209A/01 $a/ $f000 $x00 220C/01 $aTitelaufnehmer: pk 220C/01 $aHerkunft: Baltische Bibliographie / P. Kaegbein 237A/01 $aweiterführende Signatur(en):: 01.1642 244Z/01 $2Trx $#Estija $#Igaunija $#Estland $#Estonia $#Estonia $#Estónsko $#Estonsko $8--Trx--Eesti $x01 $9391237225 244Z/01 $#Karling, Sten $7122133471 $8--Tp1--Karling, Sten Ingvar$Z1906-1987 $x02 $9091815533 244Z/01 $2Trx $#kunst, Eesti $#Estijos menas $#Art, Estonian $#müvészet, észt $#sztuka estońska $#umenie, estónske $#umění, estonské $8--Trx--Kunst, estnische $x03 $9391370758 244Z/01 $2Trx $8--Trx--Einzelbeiträge $x04 $9391384570 245Z/01 $a12.03 $x01 247C/01 $82080>Marburg/Lahn, Herder-Institut, Forschungsbibliothek, Bibliographieportal $9336309341
| LEADER | 00000caa a22000002c 4500 | ||
|---|---|---|---|
| 001 | 392957965 | ||
| 003 | DE-603 | ||
| 005 | 20210522215152.0 | ||
| 007 | tu | ||
| 008 | 161111s1999 xx |||| | u00||u|eng c | ||
| 035 | |a (DE-599)HEB392957965 | ||
| 040 | |a DE-603 |b ger |c DE-603 |d DE-603 | ||
| 041 | |a eng | ||
| 082 | 0 | 4 | |8 1\u |a 929.094798 |q DE-101 |2 23/BSB |
| 085 | |8 1\u |b 929 | ||
| 085 | |8 1\u |z 2 |s 4798 | ||
| 100 | 1 | |a Kangilaski, Jaak | |
| 245 | 0 | 0 | |a Sten Karling and Estonian history of art |
| 264 | 0 | |c 1999 | |
| 773 | 0 | 8 | |i In |t Sten Karling and Baltic art history |d [Tallinn] : Eesti Kunstiakad., 1999 |h 255 S., Ill. |z 9985502426 |g (1999), Seite 18-21 |w (DE-603)097703885 |
| 924 | 0 | |9 2080 |a (DE-603)789068265 |b DE-2080 |c HES |d d |g / | |


